| 000 | 00762nam0a22002291 4500 | ||
|---|---|---|---|
| 001 | rc\2887515 | ||
| 005 | 20250529214557.0 | ||
| 035 | _a(NLR Aleph) 007040017 | ||
| 090 |
_a6088076 _c6088076 |
||
| 100 | _a20110722f19181994|||y0rusy50 ca | ||
| 101 | 0 | _arus | |
| 102 | _aRU | ||
| 105 | _aa z ||||| | ||
| 200 | 1 | _a[Тесты] | |
| 210 |
_aМосква _cНИИ сан. ин-т РККА _dБ. г. _gЦентр. тип. им. К. Ворошилова |
||
| 215 |
_a[10] с. _cил. _d34×22 см |
||
| 710 | 0 | 2 |
_aНаучно-исследовательский испытательный санитарный институт РККА _cМосква |
| 801 | 0 |
_aRU _bNLR _gpsbo |
|
| 801 | 1 |
_aRU _bELAR _2rusmarc |
|
| 852 |
_aNLR _j33-13/154 |
||
| 942 | _cBOOK | ||
| 980 | _aNB | ||